|
|
|
|
| LEADER |
00000nam a22000007a 4500 |
| 005 |
20140502210355.0 |
| 007 |
cr|||| |||| |
| 008 |
140502s2014 br |||||s|||| 00||0 por d |
| 020 |
|
|
|a 978-85-63265-30-2
|
| 035 |
|
|
|a 12114
|
| 040 |
|
|
|a vLex
|
| 090 |
|
|
|c 4897
|d 4897
|
| 245 |
0 |
0 |
|a II Relatr̤io Supremo em Nm︢eros
|h [Recurso electrn̤ico] :
|b O Supremo e a Federaȯ̂ entre 2010 e 2012
|
| 256 |
|
|
|a Servicio en ln̕ea
|
| 260 |
|
|
|a Rio de Janeiro:
|b FGV - Direito Rio,
|c 2014
|
| 300 |
|
|
|a 1 recurso electrn̤ico
|
| 506 |
1 |
|
|a Disponible solo en los productos indicados
|d vLex Global
|d vLex Global (Academic Edition, excluding Law Schools)
|d vLex Global (U.S. Academic Edition, Law Schools)
|d vLex Global (U.S. Academic Edition, excluding Law Schools)
|d vLex Global (Academic Edition, Law Schools)
|
| 650 |
0 |
4 |
|a Derecho Procesal
|z Brasil
|
| 740 |
0 |
|
|a vLex Libros (Servicio en ln̕ea)
|
| 856 |
4 |
0 |
|u http://vlex.com/source/ii-relatorio-supremo-em-numeros-o-supremo-e-a-federa-o-entre-2010-e-2012-12114
|z Acceso restringido
|
| 942 |
|
|
|c BOOK
|
| 999 |
0 |
|
|a Litigation
|